| 000 | 00984nam a22003137a 4500 | ||
|---|---|---|---|
| 003 | CHAP | ||
| 005 | 20220329134345.0 | ||
| 008 | 971013s1976 r 00010 d | ||
| 010 | _a19286 | ||
| 011 | _a20258 | ||
| 035 | _a24346 | ||
| 040 | _cCHAP | ||
| 082 |
_a574.03 _bD5Y |
||
| 245 | _aDiccionario de biología; inglés, alemán, francés, español | ||
| 260 |
_aMadrid : _bBlume, _c1976 |
||
| 300 | _a483 p. | ||
| 590 |
_aBATCH-UPD _b10 _c20130110 _lUCH01 _h0328 |
||
| 590 |
_aBATCH-UPD _b10 _c20130110 _lUCH01 _h2237 |
||
| 590 |
_aBATCH-UPD _b10 _c20130410 _lUCH01 _h0001 |
||
| 590 |
_aBATCH-UPD _b10 _c20130410 _lUCH01 _h1531 |
||
| 590 |
_aBATCH-UPD _b10 _c20130914 _lUCH01 _h0633 |
||
| 590 |
_aCONVERSION _b10 _c20130109 _lUCH01 _h1312 |
||
| 650 | 1 | 4 |
_aBiología _xDiccionarios. _912780 |
| 700 | 0 |
_aHaberkamp de Antón, Gisela. _952137 |
|
| 700 | 0 |
_aHaensch, Gunter. _952203 |
|
| 901 | _aBK | ||
| 942 | _cLIBRO | ||
| 949 |
_a574.03 D5Y _bBC _cLIBRO _d33724000494332 _eC _h42622 _i24346 _si |
||
| 999 |
_c19286 _d19286 |
||